000 00326 a2200109 4500
001 ART_9859
005 20260410161653.0
008 260409a
245 1 0 _aHacia la nueva organización
100 1 _aDrucker, Peter Ferdinand
773 0 _tHarvard Deusto Business Review
_g- Nº 82 (ene./feb. 1998)
_wREV521
999 _c14442
_d14442